000 00670nam a22002297a 4500
003 UA-OsUOA
001 88355
007 ta
008 20121003b un ||||| |||| 00| 0 ukr d
100 _aДоватур А.
090 _a82.09
_bД58
942 _cBK
040 _aUA-OsUOA
_brus
_cUA-OsUOA
_dUA-OsUOA
245 _aПовествовательный и научный стиль Геродота
300 _a199 с.
955 _a1
041 _arus
080 _a82.09
260 _aЛенинград
_bИ-во Ленинградского у-та
_c1957
650 7 _a82 Література. Літературознавство
_2UDC
999 _c374627
_d374627